Ross Kemp on Gangs : Jamaica /
Serie documental que le sigue el rastro a bandas de diversas ciudades. Explora la organización del crimen organizado a través de entrevistas con sus miembros y, cuando es posible, con sus líderes. Expone también el punto de vista de las víctimas y de las autoridades que luchan en su contra.
Gespeichert in:
| 1. Verfasser: | |
|---|---|
| Weitere Verfasser: | |
| Format: | |
| Sprache: | Englisch |
| Veröffentlicht: |
Londres, Inglaterra :
2entertain [dist.],
2008, c2008
|
| Schlagworte: | |
| Tags: |
Keine Tags, Fügen Sie das erste Tag hinzu!
|
MARC
| LEADER | 00000ngm^a2200000^a^4500 | ||
|---|---|---|---|
| 001 | 000306058 | ||
| 005 | 20250521000000.0 | ||
| 009 | 20260310112807.386 | ||
| 037 | |a Acervo ITESO - Biblioteca | ||
| 041 | |a ING | ||
| 082 | |a 364. 1066 |b BEN S. 3 | ||
| 100 | |a Bennet, Matthew |e (prod. de la serie) | ||
| 240 | 1 | 1 | |a [Ross Kemp on Gangs] |
| 245 | 1 | 0 | |a Ross Kemp on Gangs : |b Jamaica / |c Prod. de la serie de M. Bennet. |
| 264 | 4 | |a Londres, Inglaterra : |b 2entertain [dist.], |c 2008, c2008 | |
| 300 | |a 1 DVD región 2 PAL |c (45, 46, 45, 47 min.) | ||
| 336 | |a imagen móvil bidimensional |b tdi |2 rdacontenido | ||
| 337 | |a video |b v |2 rdamedio | ||
| 338 | |a videodisco |b vd |2 rdasoporte | ||
| 520 | |a Serie documental que le sigue el rastro a bandas de diversas ciudades. Explora la organización del crimen organizado a través de entrevistas con sus miembros y, cuando es posible, con sus líderes. Expone también el punto de vista de las víctimas y de las autoridades que luchan en su contra. | ||
| 520 | |a En el presente volumen, se incluyen los capítulos sobre Jamaica, donde las bandas, tradicionalmente asociadas a los partidos políticos, han abandonado sus raíces políticas y se han vinculado con el narcotráfico, convirtiendo a la capital jamaiquina en la capital del asesinato; sobre los hooligans polacos, unas de las bandas más temidas en Europa; sobre el violento grupo paramilitar de élite de Los Sicarios, surgido en el marco de la guerrilla colombiana y ligado al narcotráfico; sobre los rituales de dos bandas rivales en Timor Oriental, donde se cree que más de dos tercios la población joven está involucrada en el crimen organizado. | ||
| 546 | |a En inglés, con subtítulos opcionales: inglés | ||
| 649 | |a XX | ||
| 650 | |a Víctimas - |z Kingston, Jamaica | ||
| 650 | |a Víctimas - |z Colombia | ||
| 650 | |a Víctimas - |z Timor Oriental | ||
| 650 | |a Aficionados Deportivos - |z Polonia | ||
| 650 | |a Asesinos a Sueldo - |z Colombia | ||
| 650 | |a Delincuentes - |z Kingston, Jamaica | ||
| 650 | |a Delincuentes - |z Colombia | ||
| 650 | |a Delincuentes- |z Timor Oriental | ||
| 650 | |a Delincuentes- |z Polonia | ||
| 650 | |a Bandas Juveniles - |z Kingston, Jamaica | ||
| 650 | |a Bandas Juveniles - |z Colombia | ||
| 650 | |a Bandas Juveniles - |z Timor Oriental | ||
| 650 | |a Bandas Juveniles - |z Polonia | ||
| 650 | |a Bandas Juveniles - |x Tema Principal | ||
| 650 | |a Crimen Organizado | ||
| 650 | |a Asesinato | ||
| 650 | |a Secuestros | ||
| 650 | |a Narcotráfico | ||
| 650 | |a Guerrilla | ||
| 650 | |a Problemas Sociales | ||
| 650 | |a Seguridad Pública | ||
| 740 | 0 | |a Ross Kemp on Gangs : |b Poland / |c Prod. de la serie de M. Bennet. | |
| 740 | 0 | |a Ross Kemp on Gangs : |b Colombia / |c Prod. de la serie de M. Bennet. | |
| 740 | 0 | |a Ross Kemp on Gangs : |b East Timor / |c Prod. de la serie de M. Bennet. | |
| 700 | |a Kemp, Ross |e (conducción) | ||
| 910 | |a Fondo General | ||
| 920 | |a Audiovisuales - DVDs | ||
| 905 | |a 308 | ||
| 901 | |a 0500206439 |b IT2 |c DVR |i C124944 |u 20250521 | ||
| 902 | |a https://opac.biblio.iteso.mx/vufind/Record/000306058 | ||